| 000 | nam a22 7a 4500 | ||
|---|---|---|---|
| 999 |
_c126315 _d126315 |
||
| 008 | 170322b xxu||||| |||| 00| 0 eng d | ||
| 050 | _aD20.B636 | ||
| 100 |
_aBlake E.F. _929473 |
||
| 245 |
_aFrom Stone Axe to Space Age _cE.F Blake and Gordon M. Haliburton |
||
| 260 |
_aCape Tpwn _bLongman _c1971 |
||
| 300 |
_a378p. ; _c22cm. |
||
| 650 |
_aCivilization _xHistory _929474 |
||
| 700 |
_a Haliburton, Gordon MacKay _929601 |
||
| 942 |
_2lcc _cMONOGRAPH |
||